Motivácia pracovníkov bakalárska práca

Enregistré dans:
Détails bibliographiques
Auteur principal: Boženík, Peter
Collectivité auteur: Fakulta podnikového manažmentu EU. Katedra podnikovohospodárska
Autres auteurs: Hrušovská, Dana, 1964-
Format: Livre
Langue:slovaque
Publié: Bratislava 2009
Tags: Ajouter un tag
Pas de tags, Soyez le premier à ajouter un tag!

MARC

LEADER 00000nam$a2200000$$$4500
001 0101754
005 20240319130139.5
041 0 |a slo 
044 |a SK 
245 1 0 |a Motivácia pracovníkov  |b bakalárska práca  |c Peter Boženík ; škol. Dana Hrušovská 
264 1 |a Bratislava  |c 2009 
300 |a 35 s. 
100 1 |a Boženík, Peter 
700 1 |a Hrušovská, Dana, 1964- 
710 2 |a Fakulta podnikového manažmentu EU. Katedra podnikovohospodárska